My life, my choices : (Record no. 288224)
[ view plain ]
| 000 -LEADER | |
|---|---|
| fixed length control field | 00501nam a2200145Ia 4500 |
| 008 - FIXED-LENGTH DATA ELEMENTS--GENERAL INFORMATION | |
| fixed length control field | 150610s9999 xx 000 0 und d |
| 020 ## - INTERNATIONAL STANDARD BOOK NUMBER | |
| International Standard Book Number | 9715019900 |
| 050 ## - LIBRARY OF CONGRESS CALL NUMBER | |
| Classification number | BJ1661 |
| Item number | .W36 2004 |
| 100 ## - MAIN ENTRY--PERSONAL NAME | |
| Personal name | Wojno, Mary Ann Burkley. |
| 245 ## - TITLE STATEMENT | |
| Title | My life, my choices : |
| Remainder of title | key issues for young adults / |
| Statement of responsibility, etc | by Mary Ann Burkley Wojno. |
| 260 ## - PUBLICATION, DISTRIBUTION, ETC. (IMPRINT) | |
| Place of publication, distribution, etc | Quezon City : |
| Name of publisher, distributor, etc | Claretians Publications, |
| Date of publication, distribution, etc | 2004. |
| 300 ## - PHYSICAL DESCRIPTION | |
| Extent | 214pages : |
| Other physical details | illustrations ; |
| Dimensions | 28 cm. |
| 520 ## - SUMMARY, ETC. | |
| Summary, etc | Teenagers. |
| 650 ## - SUBJECT ADDED ENTRY--TOPICAL TERM | |
| General subdivision | Adolescent psychology. |
| Withdrawn status | Lost status | Damaged status | Home library | Current library | Shelving location | Date acquired | Total Checkouts | Full call number | Barcode | Date last seen | Price effective from | Koha item type |
|---|---|---|---|---|---|---|---|---|---|---|---|---|
| Stonyhurst Southville International School (Batangas) | Stonyhurst Southville International School (Batangas) | High School Section | 06/10/2015 | BJ1661 .W36 2004 | US-1769 | 06/10/2015 | 06/10/2015 | Books |